Online
Catalog

Aristóteles o la presición : (Record no. 51368)

MARC details
000 -CABECERA
campo de control de longitud fija 01298nam a2200241 a 4500
003 - IDENTIFICADOR DEL NÚMERO DE CONTROL
campo de control DO-SdBNP
005 - FECHA Y HORA DE LA ÚLTIMA TRANSACCIÓN
campo de control 20220208123902.0
007 - CAMPO FIJO DE DESCRIPCIÓN FÍSICA--INFORMACIÓN GENERAL
campo de control de longitud fija ta
008 - DATOS DE LONGITUD FIJA--INFORMACIÓN GENERAL
campo de control de longitud fija 220207e2018 dr ||||er|||| 001 edspa d
020 ## - NÚMERO INTERNACIONAL ESTÁNDAR DEL LIBRO
Número Internacional Estándar del Libro 9788409017959
040 ## - FUENTE DE LA CATALOGACIÓN
Centro catalogador/agencia de origen DO-SdBNP
Lengua de catalogación spa
Centro/agencia transcriptor BNPHU
082 #2 - NÚMERO DE LA CLASIFICACIÓN DECIMAL DEWEY
Número de edición 22
Número de documento/Ítem A795a
100 1# - ENTRADA PRINCIPAL--NOMBRE DE PERSONA
9 (RLIN) 25165
Nombre de persona Arvelo, Alejandro,
Fechas asociadas al nombre 1959-
245 10 - MENCIÓN DE TÍTULO
Título Aristóteles o la presición :
Resto del título apuntes a la pasión del que nombra /
Mención de responsabilidad, etc. Alejandro Arvelo.
260 ## - PUBLICACIÓN, DISTRIBUCIÓN, ETC.
Lugar de publicación, distribución, etc. España :
Nombre del editor, distribuidor, etc. ACUDEBI,
Fecha de publicación, distribución, etc. [2018]
300 ## - DESCRIPCIÓN FÍSICA
Extensión 71 p. ;
Dimensiones 21 cm.
500 ## - NOTA GENERAL
Nota general Incluye datos biográficos del autor en la solapa de la cubierta.
504 ## - NOTA DE BIBLIOGRAFÍA, ETC.
Nota de bibliografía, etc. Bibliografía: p. 69- 71.
505 ## - NOTA DE CONTENIDO CON FORMATO
Nota de contenido con formato El imperio de precisión, ¿un requisito tácito para filosofar?.--
Título I. La propiedad y la axactitud, normas de hechos en Aristóteles.--
-- II. La lengua, ¿medio o causa eficiente del pensamiento?.--
-- III. Retórica, pensamiento e imperativo de precisión.--
-- IV. La delimitación rigurosa de matices, vínculo intangible entre lógica y retórica.--
-- V. Modo, utilidad y conciencia del valor hermenéutico de la presición terminológica en Aristóteles.--
-- Presición como método y como reserva crítica de la humanidad en las actuales circunstancias.--
-- Bibliorafía.
590 ## - NOTA LOCAL (RLIN)
Nota local Inventariado 2022 / MF
910 ## - DATOS DE OPCIÓN DEL USUARIO (OCLC)
Datos de opción del usuario MFeliz
942 ## - ELEMENTOS DE PUNTO DE ACCESO ADICIONAL (KOHA)
Fuente del sistema de clasificación o colocación Dewey Decimal Classification
Tipo de ítem Koha Libro
Holdings
Estado de retiro Estado de pérdida Fuente del sistema de clasificación o colocación Restricciones de uso No para préstamo Código de colección Localización permanente Ubicación/localización actual Ubicación en estantería Fecha de adquisición Fuente de adquisición Total de préstamos Signatura topográfica completa Código de barras Fecha visto por última vez Precio válido a partir de Tipo de ítem Koha Número de copia
    Dewey Decimal Classification Excluido de préstamo   Dominicana de Servicio Biblioteca Nacional Pedro Henríquez Ureña Patrimonio Dominicano Depósito 05.03.2020 Depósito legal / Alejandro Arvelo   A795a 2022-0656 07.02.2022 07.02.2022 Libro  
    Dewey Decimal Classification Excluido de préstamo   Dominicana de Servicio Biblioteca Nacional Pedro Henríquez Ureña Patrimonio Dominicano Depósito 05.03.2020 Depósito legal / Alejandro Arvelo   A795a 2022-0657 07.02.2022 07.02.2022 Libro e.2

Powered by Koha